| 000 | 01198nam a22003257a 4500 | ||
|---|---|---|---|
| 003 | CHAP | ||
| 005 | 20220817044442.0 | ||
| 008 | 110530s1978 mx r 00010 spa d | ||
| 010 | _a101349 | ||
| 011 | _a102321 | ||
| 035 | _a113009 | ||
| 040 | _cCHAP | ||
| 082 | 0 | 4 |
_a338.1 _bT63 |
| 100 | 0 | 0 |
_aTorres Noyola, Francisco. _9114189 |
| 245 | 1 | 0 |
_aParticipación y efectos de la productividad del sector agropecuario en el crecimiento económico de México : _banálisis macroeconómico _c/por Francisco Torres Noyola |
| 260 |
_aMéxico, D.F. : _bEl Autor, _c1978 |
||
| 300 |
_a111 p. : _banexos, cuadros, gráfs. |
||
| 590 |
_aBATCH-UPD _b10 _c20130110 _lUCH01 _h1029 |
||
| 590 |
_aBATCH-UPD _b10 _c20130410 _lUCH01 _h0632 |
||
| 590 |
_aBATCH-UPD _b10 _c20130914 _lUCH01 _h1123 |
||
| 590 |
_aCONVERSION _b10 _c20130109 _lUCH01 _h1356 |
||
| 650 | 1 | 4 |
_aAgricultura _xAspectos economicos _zMexico. _91312 |
| 650 | 1 | 4 |
_aCultivos _xRendimiento. _930318 |
| 650 | 1 | 4 | _aDesarrollo económico. |
| 650 | 1 | 4 |
_aGanadería _xAspectos económicos _xMéxico. _944636 |
| 650 | 1 | 4 |
_aProducción animal. _991859 |
| 901 | _aBK | ||
| 942 | _cLIBRO | ||
| 949 |
_a338.1 T63 _bBC _cLIBRO _d33724002247223 _eLIBRO _h115083 _i113009 _sb |
||
| 999 |
_c101349 _d101349 |
||